Più grandi città della Campania - Statistics

Statistiche generali
  • Questo quiz è stato fatto 364 volte
  • Il punteggio medio è 7 su 10
Statistiche sulle risposte
Popolazione Città % Corretto
974.074 ⭐️ Napoli
100%
135.261 ⭐️ Salerno
97%
76.326 ⭐️ Caserta
95%
60.091 ⭐️ Benevento
90%
122.974 Giugliano in Campania
72%
86.275 Torre del Greco
62%
81.661 Pozzuoli
59%
65.057 Afragola
51%
77.642 Casoria
45%
66.466 Castellamare di Stabia
31%
Nessun quiz corrispondente trovato
Distribuzione punteggi
Percentuale di utenti per punteggio
Percentile per numero di risposta
I tuoi punteggi nel tempo
Non hai fatto questo quiz